01118nam a22002057a 4500003000400000005001700004008004100021040002200062082001500084100002000099245004700119260007900166300002000245490002000265505044900285650004100734650005200775650004200827651004300869OSt20230823111004.0221006b |||||||| |||| 00| 0 eng d cBiblioteca Lado V a792bS349p aSchmidt, Carlos aPropuesta/bRevista de Memoria Escénica/ c2013bCentro de Documentación y Archivo en Artes EscénicasaCosta Rica c21.5x28cma49p. a2v1x2215-3209 aMOVIMIENTOS IMPORTANTES DE ESTE A OESTE MANUALES DE (IN)SEGURIDAD ÚLTIMOS REMORDIMIENTOS EL NIDO DE PALOMAS EL CUBO BAILAR POR SIEMPRE VACUO PENTADRAMA EN JULIANA WOYSECK CÁBALA ECHANDO A CONTAR SE APRENDE EL OTRO CUERPO ANGUSTINE KRISE EL CONTRABAJO QUE ROJA ESTÁ LA LUNA 1969 HISTORIA DE UNA CASA MATERIAL SENSIBLE GALILEO GALILEI UNOS LIBROS, UN MAPA Y UN ABANICO MACHOS A LA CARTA CUENTO DE NAVIDADtPRIMERA FILA 2Tesauro de Arte & ArquitecturaaARTE 2Tesauro de Arte & ArquitecturaaARTES ESCENICAS 2Tesauro de Arte & ArquitecturaaCIRCO 2Tesauro de Arte & ArquitecturaaTEATRO